000 00537nam a2200205Ia 4500
003 OSt
005 20220926044630.0
006 a|||||r|||| 00| 0
007 ta
008 220923b |||||||| |||| 00| 0 eng d
037 _cGeneral Book
040 _aRTL
_cRTL
_beng
041 _2eng
_aeng
082 _aX65:(S:44), K2
100 _aRush Richard H
_9349268
245 0 _aStrategy of investing for higher return
260 _c1962
942 _hX65:(S:44), K2
_cGB
_2CC
999 _c675395
_d675395